000 00672nam a2200169 4500
001 138601
003 ES-MaACL
005 20230906195610.0
007 t|
008 070214s1944 sp r ||||1| spa d
100 1 _aSantamaría Chavarría, Andrés.
_9103301
245 1 3 _aEl complemento a su diccionario
_b: antónimos y sinónimos castellanos : 1.300 ideas básicas, 15.000 voces, 30 ejercicios de vocabulario /
_cpor Andrés Santamaría Chavarría.
260 _aMadrid :
_b[s. n.],
_c1944 (
_fGráf. Santamaría)
300 _a247 p. ;
_c17 cm.
650 0 4 _aLengua española-
_xSinónimos y antónimos-
_vDiccionarios.
_914187
852 _aES-MaACL
_jB-10169
_bR.21360
999 _c138601
_d138601